[Event "Pan American Continental"]
[Site "Sao Paulo"]
[Date "2009.07.30"]
[Round "7"]
[White "Fier, Alexandr"]
[Black "Mekhitarian, Krikor Sevag"]
[Result "1/2-1/2"]
[WhiteElo "2604"]
[BlackElo "2488"]
[PlyCount "116"]
[EventDate "2009.07.25"]
[EventType "swiss"]
[EventRounds "11"]
[EventCountry "BRA"]
[SourceTitle "CBM 132 Extra"]
[Source "ChessBase"]
[SourceDate "2009.11.03"]
[SourceVersion "1"]
[SourceVersionDate "2009.11.03"]
[SourceQuality "1"]

1. d4 Nf6 2. c4 e6 3. Nf3 d5 4. Nc3 Bb4 5. e3 O-O 6. Bd3 c5 7. O-O dxc4 8. Bxc4
b6 9. Qe2 Bb7 10. Rd1 cxd4 11. exd4 Bxc3 12. bxc3 Nd5 13. Bd2 Qc7 14. Ne5 Nc6
15. Bb3 Nxe5 16. dxe5 Nxc3 17. Bxc3 Qxc3 18. Rac1 Qb4 19. Rc7 Qe4 20. Qxe4 Bxe4
21. Rdd7 a5 22. f3 Bg6 23. h4 Rfd8 24. Rxd8+ Rxd8 25. Rb7 h5 26. Rxb6 Rd4 27.
Ra6 Rxh4 28. Rxa5 Rd4 29. a4 Bd3 30. Ra8+ Kh7 31. Rb8 Be2 32. a5 Bd1 33. Ba2
Ra4 34. Bb1+ g6 35. Rb5 Be2 36. Rb7 Kg7 37. Kf2 Ba6 38. Ra7 Rxa5 39. Kg3 h4+
40. Kxh4 Ra4+ 41. Kg5 Bb5 42. Rb7 Ba6 43. Rc7 Ra5 44. f4 Ra3 45. g4 Bd3 46.
Bxd3 Rxd3 47. f5 gxf5 48. gxf5 Rg3+ 49. Kf4 Rg1 50. fxe6 Rf1+ 51. Ke4 Kf8 52.
exf7 Rxf7 53. Rc8+ Ke7 54. Kd5 Rf1 55. Rc7+ Kd8 56. Rh7 Ra1 57. Rg7 Ra6 58. Kd4
Ke8 1/2-1/2

[Event "Pan American Continental"]
[Site "Sao Paulo"]
[Date "2009.07.31"]
[Round "8"]
[White "Mekhitarian, Krikor Sevag"]
[Black "Quesada Perez, Yasser"]
[Result "1/2-1/2"]
[WhiteElo "2488"]
[BlackElo "2584"]
[PlyCount "96"]
[EventDate "2009.07.25"]
[EventType "swiss"]
[EventRounds "11"]
[EventCountry "BRA"]
[SourceTitle "CBM 132 Extra"]
[Source "ChessBase"]
[SourceDate "2009.11.03"]
[SourceVersion "1"]
[SourceVersionDate "2009.11.03"]
[SourceQuality "1"]

1. d4 Nf6 2. c4 e6 3. Nc3 Bb4 4. g3 c5 5. Nf3 Ne4 6. Qd3 Qa5 7. Qxe4 Bxc3+ 8.
Bd2 Bxd2+ 9. Nxd2 O-O 10. dxc5 Qxc5 11. Bg2 Nc6 12. O-O b5 13. Rac1 bxc4 14.
Qxc4 Qxc4 15. Nxc4 d5 16. Rfd1 Ba6 17. Nd6 Ne7 18. e4 Rad8 19. e5 Nc8 20. Rc6
Nxd6 21. Rxa6 Nc4 22. b3 Nxe5 23. f4 Ng4 24. Rxa7 Rc8 25. Bf3 Ne3 26. Rd2 Rc3
27. Kf2 Rb8 28. Be2 Nc2 29. Rd3 Rcc8 30. a3 Ra8 31. Rc3 Nd4 32. Rxa8 Rxa8 33.
Bd3 f6 34. b4 e5 35. b5 Kf7 36. b6 Rb8 37. Rc7+ Ke6 38. b7 Kd6 39. Rxg7 e4 40.
Ba6 Ne6 41. Rf7 Nc7 42. Rxf6+ Kc5 43. Ke3 Nxa6 44. Rxa6 Rxb7 45. Ra5+ Kc4 46.
Ra4+ Kc5 47. Ra5+ Kc4 48. Ra4+ Kc5 1/2-1/2

[Event "Pan American Continental"]
[Site "Sao Paulo"]
[Date "2009.08.01"]
[Round "9"]
[White "Mekhitarian, Krikor Sevag"]
[Black "Flores, Diego"]
[Result "0-1"]
[WhiteElo "2488"]
[BlackElo "2579"]
[PlyCount "68"]
[EventDate "2009.07.25"]
[EventType "swiss"]
[EventRounds "11"]
[EventCountry "BRA"]
[SourceTitle "CBM 132 Extra"]
[Source "ChessBase"]
[SourceDate "2009.11.03"]
[SourceVersion "1"]
[SourceVersionDate "2009.11.03"]
[SourceQuality "1"]

1. e4 c5 2. Nf3 e6 3. d4 cxd4 4. Nxd4 a6 5. Bd3 Ne7 6. f4 Nbc6 7. Nf3 Qc7 8.
O-O Ng6 9. g3 Bc5+ 10. Kg2 b6 11. c3 Bb7 12. Qe2 O-O 13. Be3 Nce7 14. Nbd2 f5
15. Bxc5 Qxc5 16. Rae1 b5 17. exf5 Nxf5 18. Be4 Qb6 19. Bxb7 Qxb7 20. Ne4 Rac8
21. Kg1 b4 22. cxb4 Qxb4 23. Nc3 Qb7 24. Qd2 Rc4 25. Rf2 Rb8 26. b3 Rc6 27. Ne4
Qa7 28. g4 Nfh4 29. Nd4 Rcc8 30. Kh1 Rd8 31. f5 Ne5 32. Rg1 Qa8 33. Qe3 Rb4 34.
Rd1 Nxg4 0-1

[Event "Sao Paulo Sudeste op"]
[Site "Sao Paulo"]
[Date "2009.09.??"]
[Round "1"]
[White "Sztokbant, Bernardo Vainzoff"]
[Black "Mekhitarian, Krikor Sevag"]
[Result "0-1"]
[WhiteElo "1945"]
[BlackElo "2496"]
[PlyCount "110"]
[EventDate "2009.09.??"]
[EventType "swiss"]
[EventRounds "6"]
[EventCountry "BRA"]
[SourceTitle "EXT 2014"]
[Source "ChessBase"]
[SourceDate "2013.11.20"]
[SourceVersion "1"]
[SourceVersionDate "2013.11.20"]
[SourceQuality "1"]

1. d4 Nf6 2. c4 g6 3. Nf3 Bg7 4. Nc3 d5 5. cxd5 Nxd5 6. e4 Nxc3 7. bxc3 c5 8.
Bb5+ Nd7 9. O-O O-O 10. Qe2 b6 11. Bc6 Rb8 12. Bf4 e5 13. dxe5 Qc7 14. Bxd7
Bxd7 15. Bg3 Be6 16. c4 Rbd8 17. Rfd1 h6 18. Rd6 Qb7 19. Rad1 Rde8 20. Qc2 Bg4
21. R1d5 Re7 22. h3 Bd7 23. Bh4 g5 24. Nxg5 hxg5 25. Bxg5 Be6 26. Bxe7 Qxe7 27.
Rd1 Bxe5 28. R6d3 Qh4 29. Ra3 Kh8 30. Qe2 Rg8 31. Qf3 Rg6 32. Rd2 Kg7 33. Rc2
Rf6 34. Qd1 Bd4 35. Rf3 Qxe4 36. Rxf6 Bxf6 37. Qc1 Bf5 38. Rd2 Qf4 39. Rd1 Qxc1
40. Rxc1 Bd3 41. g4 Bb2 42. Rd1 Bxc4 43. Kg2 Be5 44. Rd2 Bf4 45. Rd7 Bxa2 46.
Kf3 Be5 47. Ke4 Bd4 48. Rxa7 Bb1+ 49. Kd5 Bxf2 50. Rb7 Ba2+ 51. Ke4 c4 52. h4
Bb1+ 53. Kf3 Bc5 54. Ke2 c3 55. Rc7 c2 0-1

[Event "Sao Paulo Sudeste op"]
[Site "Sao Paulo"]
[Date "2009.09.??"]
[Round "2"]
[White "Mekhitarian, Krikor Sevag"]
[Black "Abdalla, Luiz Guilherme"]
[Result "1/2-1/2"]
[WhiteElo "2496"]
[BlackElo "2096"]
[PlyCount "56"]
[EventDate "2009.09.??"]
[EventType "swiss"]
[EventRounds "6"]
[EventCountry "BRA"]
[SourceTitle "EXT 2014"]
[Source "ChessBase"]
[SourceDate "2013.11.20"]
[SourceVersion "1"]
[SourceVersionDate "2013.11.20"]
[SourceQuality "1"]

1. e4 e6 2. d4 d5 3. Nc3 Nf6 4. e5 Nfd7 5. f4 c5 6. Nf3 Nc6 7. Be3 cxd4 8. Nxd4
Bc5 9. Qd2 O-O 10. O-O-O a6 11. Qf2 Qe7 12. Bd3 f6 13. exf6 Nxf6 14. h3 Bd7 15.
Kb1 Bd6 16. Rhe1 Rac8 17. g3 Nb4 18. Bc1 Nxd3 19. cxd3 Bc5 20. g4 Qd6 21. Be3
e5 22. fxe5 Qxe5 23. Nf3 Bxe3 24. Rxe3 Qd6 25. Ne2 d4 26. Nexd4 Nxg4 27. hxg4
Qxd4 28. Nxd4 Rxf2 1/2-1/2

[Event "Sao Paulo Sudeste op"]
[Site "Sao Paulo"]
[Date "2009.09.??"]
[Round "3"]
[White "Mekhitarian, Krikor Sevag"]
[Black "Rodrigues, Bruno Morado"]
[Result "1-0"]
[WhiteElo "2496"]
[BlackElo "1999"]
[PlyCount "81"]
[EventDate "2009.09.??"]
[EventType "swiss"]
[EventRounds "6"]
[EventCountry "BRA"]
[SourceTitle "EXT 2014"]
[Source "ChessBase"]
[SourceDate "2013.11.20"]
[SourceVersion "1"]
[SourceVersionDate "2013.11.20"]
[SourceQuality "1"]

1. e4 c5 2. Nf3 Nc6 3. d4 cxd4 4. Nxd4 Nf6 5. Nc3 e5 6. Ndb5 h6 7. Nd6+ Bxd6 8.
Qxd6 Qe7 9. Qxe7+ Kxe7 10. Be3 d6 11. f3 Be6 12. O-O-O Rhd8 13. g4 d5 14. Bc5+
Ke8 15. exd5 Nxd5 16. Ne4 Rac8 17. Nd6+ Rxd6 18. Bxd6 Nd4 19. c3 f6 20. Kb1
Nxf3 21. Bd3 Ng5 22. Bg6+ Kd7 23. Ba3 Nh3 24. Be4 Nhf4 25. Rd2 Rc4 26. Bc2 Bxg4
27. Bb3 b5 28. Bxc4 bxc4 29. b3 Bf5+ 30. Ka1 Bd3 31. bxc4 Ne3 32. Rg1 g5 33.
Rg3 Nxc4 34. Rdxd3+ Nxd3 35. Rxd3+ Ke6 36. Bc5 a5 37. a4 f5 38. Ka2 e4 39. Rd4
Ne5 40. Rd6+ Kf7 41. Bd4 1-0

[Event "Sao Paulo Sudeste op"]
[Site "Sao Paulo"]
[Date "2009.09.??"]
[Round "4"]
[White "Name, Gabriel Ricardo"]
[Black "Mekhitarian, Krikor Sevag"]
[Result "0-1"]
[WhiteElo "2189"]
[BlackElo "2496"]
[PlyCount "46"]
[EventDate "2009.09.??"]
[EventType "swiss"]
[EventRounds "6"]
[EventCountry "BRA"]
[SourceTitle "EXT 2014"]
[Source "ChessBase"]
[SourceDate "2013.11.20"]
[SourceVersion "1"]
[SourceVersionDate "2013.11.20"]
[SourceQuality "1"]

1. d4 Nf6 2. c4 g6 3. Nc3 d5 4. e3 Bg7 5. Nf3 O-O 6. Bd2 c5 7. dxc5 Na6 8. Rc1
Nxc5 9. b4 Na6 10. Nxd5 Nxd5 11. cxd5 Qxd5 12. Bc4 Qd6 13. Qb3 Nc7 14. b5 a5
15. bxa6 b5 16. Be2 Be6 17. Qb4 Qd7 18. a4 bxa4 19. Qa5 Nxa6 20. Bxa6 Qd6 21.
Qxa4 Rxa6 22. Qh4 Qd3 23. Ng5 Rd8 0-1

[Event "Sao Paulo Sudeste op"]
[Site "Sao Paulo"]
[Date "2009.09.??"]
[Round "5"]
[White "Mekhitarian, Krikor Sevag"]
[Black "Aranha Filho, Alvaro Zimmermann"]
[Result "1/2-1/2"]
[WhiteElo "2496"]
[BlackElo "2278"]
[PlyCount "44"]
[EventDate "2009.09.??"]
[EventType "swiss"]
[EventRounds "6"]
[EventCountry "BRA"]
[SourceTitle "EXT 2014"]
[Source "ChessBase"]
[SourceDate "2013.11.20"]
[SourceVersion "1"]
[SourceVersionDate "2013.11.20"]
[SourceQuality "1"]

1. d4 d5 2. c4 c6 3. Nc3 Nf6 4. Nf3 e6 5. Bg5 Nbd7 6. cxd5 exd5 7. e3 Be7 8.
Bd3 O-O 9. Qc2 Re8 10. h3 Ne4 11. Bxe7 Qxe7 12. O-O Nf8 13. Bxe4 dxe4 14. Nd2
f5 15. d5 Ng6 16. dxc6 bxc6 17. Na4 f4 18. Qc5 Qh4 19. f3 Bxh3 20. Nxe4 Bxg2
21. Kxg2 Rxe4 22. fxe4 Qg3+ 1/2-1/2

[Event "Sao Paulo Sudeste op"]
[Site "Sao Paulo"]
[Date "2009.09.??"]
[Round "6"]
[White "Terao, Rodrigo Akira"]
[Black "Mekhitarian, Krikor Sevag"]
[Result "1/2-1/2"]
[WhiteElo "2257"]
[BlackElo "2496"]
[PlyCount "156"]
[EventDate "2009.09.??"]
[EventType "swiss"]
[EventRounds "6"]
[EventCountry "BRA"]
[SourceTitle "EXT 2014"]
[Source "ChessBase"]
[SourceDate "2013.11.20"]
[SourceVersion "1"]
[SourceVersionDate "2013.11.20"]
[SourceQuality "1"]

1. e4 c5 2. c3 Nf6 3. e5 Nd5 4. d4 cxd4 5. Qxd4 e6 6. Nf3 Nc6 7. Qe4 b6 8. Bc4
Nde7 9. Bf4 Bb7 10. Qe2 Ng6 11. Bg3 d6 12. exd6 Bxd6 13. Ba6 Bxa6 14. Qxa6 O-O
15. Bxd6 Qxd6 16. O-O Nf4 17. Nbd2 Rfd8 18. Nc4 Qd3 19. Qa4 Qg6 20. Ne3 e5 21.
Nh4 Qe6 22. Nhf5 Kh8 23. Qc4 g6 24. Ng3 Qxc4 25. Nxc4 b5 26. Ne3 f5 27. Rfd1
Nd3 28. Nef1 Nxb2 29. Rdb1 Na4 30. Rxb5 a6 31. Rb3 Rac8 32. Ne2 Rd7 33. f3 Kg7
34. Rab1 Kf6 35. Rb7 Rcc7 36. Rxc7 Rxc7 37. Ne3 Rd7 38. Rd1 Rxd1+ 39. Nxd1 Ke6
40. Kf2 Kd5 41. Ke3 Na5 42. Kd3 Nc4 43. Kc2 Nc5 44. Nc1 g5 45. Nd3 Nxd3 46.
Kxd3 h5 47. h3 a5 48. g4 e4+ 49. fxe4+ fxe4+ 50. Ke2 h4 51. Ne3+ Nxe3 52. Kxe3
a4 53. c4+ Kxc4 54. Kxe4 a3 55. Kf5 Kc3 56. Kxg5 Kb2 57. Kxh4 Kxa2 58. g5 Kb1
59. g6 a2 60. g7 a1=Q 61. g8=Q Qf6+ 62. Qg5 Qd4+ 63. Qg4 Qf6+ 64. Kg3 Qc3+ 65.
Qf3 Qe1+ 66. Kg2 Qd2+ 67. Qf2 Qd5+ 68. Kg1 Qg5+ 69. Qg2 Qe3+ 70. Kh1 Qe7 71.
Qf1+ Kc2 72. Qf2+ Kd3 73. h4 Qe6 74. Qf3+ Kd4 75. h5 Ke5 76. Kg2 Qf6 77. Qe3+
Kf5 78. h6 Kg6 1/2-1/2

[Event "Americana op"]
[Site "Americana"]
[Date "2009.09.05"]
[Round "1"]
[White "Mekhitarian, Krikor Sevag"]
[Black "Araujo, Beatriz Moraes"]
[Result "1-0"]
[WhiteElo "2496"]
[BlackElo "1897"]
[PlyCount "65"]
[EventDate "2009.09.05"]
[EventType "swiss"]
[EventRounds "6"]
[EventCountry "BRA"]
[SourceTitle "CBM 132 Extra"]
[Source "ChessBase"]
[SourceDate "2009.11.03"]
[SourceVersion "1"]
[SourceVersionDate "2009.11.03"]
[SourceQuality "1"]

1. d4 Nf6 2. c4 e6 3. Nc3 Bb4 4. Nf3 O-O 5. Bg5 d5 6. cxd5 exd5 7. e3 h6 8.
Bxf6 Qxf6 9. Qb3 Bxc3+ 10. bxc3 c6 11. Be2 Nd7 12. O-O Qe7 13. c4 Nf6 14. cxd5
Nxd5 15. Rab1 Bf5 16. Rb2 Rab8 17. Rc1 Rfc8 18. Bc4 Be4 19. Nd2 Nb6 20. Bxf7+
Qxf7 21. Qxf7+ Kxf7 22. Nxe4 Rf8 23. Nc5 Kg8 24. a4 Rf7 25. Rcb1 Rbf8 26. Rc2
Nd5 27. h3 b6 28. Nd3 Ne7 29. Ne5 Rf5 30. g4 R5f6 31. Nd7 Rd8 32. Nxf6+ gxf6
33. a5 1-0

[Event "Americana op"]
[Site "Americana"]
[Date "2009.09.05"]
[Round "2"]
[White "Dos Santos, Tiago Augusto"]
[Black "Mekhitarian, Krikor Sevag"]
[Result "0-1"]
[WhiteElo "2050"]
[BlackElo "2496"]
[PlyCount "100"]
[EventDate "2009.09.05"]
[EventType "swiss"]
[EventRounds "6"]
[EventCountry "BRA"]
[SourceTitle "CBM 132 Extra"]
[Source "ChessBase"]
[SourceDate "2009.11.03"]
[SourceVersion "1"]
[SourceVersionDate "2009.11.03"]
[SourceQuality "1"]

1. e4 c5 2. Nf3 Nc6 3. d4 cxd4 4. Nxd4 Qb6 5. Nb3 Nf6 6. Nc3 e6 7. Be3 Qc7 8.
Be2 Bb4 9. f3 O-O 10. O-O Bxc3 11. bxc3 d6 12. Qd2 e5 13. Rfd1 Rd8 14. Bg5 Qe7
15. Qe1 Be6 16. Qh4 h6 17. Be3 Rac8 18. Rd2 b6 19. a4 Bxb3 20. cxb3 Na5 21. Rb2
Rxc3 22. Bd2 Rxb3 23. Rc2 d5 24. Bxa5 bxa5 25. exd5 Rb4 26. Bc4 Nxd5 27. Qxe7
Nxe7 28. Re1 Rc8 29. Rxe5 Rcxc4 30. Rxc4 Rxc4 31. Rxe7 Rxa4 32. Rxa7 g5 33. Kf2
h5 34. h4 gxh4 35. Kg1 h3 36. Kh2 hxg2 37. Kxg2 Kg7 38. Kg3 Kg6 39. Ra8 f6 40.
Rg8+ Kf5 41. Rh8 h4+ 42. Kh3 Ra3 43. Kxh4 Kf4 44. Ra8 Kxf3 45. Rg8 Ra4+ 46. Kh5
f5 47. Rf8 f4 48. Kg5 Kg3 49. Kf5 f3 50. Rg8+ Kf2 0-1

[Event "Americana op"]
[Site "Americana"]
[Date "2009.09.06"]
[Round "3"]
[White "Mekhitarian, Krikor Sevag"]
[Black "Galati, Mario Augusto"]
[Result "1-0"]
[WhiteElo "2496"]
[BlackElo "2194"]
[PlyCount "85"]
[EventDate "2009.09.05"]
[EventType "swiss"]
[EventRounds "6"]
[EventCountry "BRA"]
[SourceTitle "CBM 132 Extra"]
[Source "ChessBase"]
[SourceDate "2009.11.03"]
[SourceVersion "1"]
[SourceVersionDate "2009.11.03"]
[SourceQuality "1"]

1. d4 d5 2. c4 dxc4 3. e4 Nf6 4. e5 Nd5 5. Bxc4 Nb6 6. Bd3 Nc6 7. Be3 Nb4 8.
Be4 f5 9. exf6 exf6 10. Nc3 f5 11. Bb1 N6d5 12. Nf3 Be7 13. O-O O-O 14. Re1 Bf6
15. Bd2 Re8 16. Rxe8+ Qxe8 17. Nxd5 Nxd5 18. Qb3 Qf7 19. Bd3 c6 20. Qc2 g6 21.
Re1 Be6 22. Ne5 Bxe5 23. Rxe5 Nb6 24. b3 Rd8 25. Qc5 Rd5 26. Rxd5 Bxd5 27. Qd6
Nd7 28. h4 h5 29. Qc7 Nf8 30. Qb8 Kh7 31. Bf4 b5 32. Be5 Kg8 33. Qd8 Be4 34.
Bxe4 fxe4 35. Bd6 Kg7 36. Bxf8+ Qxf8 37. Qd7+ Kh6 38. Qxc6 Qf4 39. g3 Qg4 40.
Qxb5 Qd1+ 41. Kh2 Qxd4 42. Qg5+ Kh7 43. Qe3 1-0

[Event "Americana op"]
[Site "Americana"]
[Date "2009.09.06"]
[Round "4"]
[White "Van Riemsdijk, Dirk Dagobert"]
[Black "Mekhitarian, Krikor Sevag"]
[Result "0-1"]
[WhiteElo "2213"]
[BlackElo "2496"]
[PlyCount "90"]
[EventDate "2009.09.05"]
[EventType "swiss"]
[EventRounds "6"]
[EventCountry "BRA"]
[SourceTitle "CBM 132 Extra"]
[Source "ChessBase"]
[SourceDate "2009.11.03"]
[SourceVersion "1"]
[SourceVersionDate "2009.11.03"]
[SourceQuality "1"]

1. e4 c5 2. g3 Nc6 3. Bg2 g6 4. Ne2 Bg7 5. c3 e5 6. O-O Nge7 7. Na3 O-O 8. d3
d5 9. Nc2 Be6 10. b4 dxe4 11. Bxe4 cxb4 12. Nxb4 Nxb4 13. cxb4 Qd7 14. Bb2 Rad8
15. f4 Nd5 16. fxe5 Ne3 17. Qd2 Nxf1 18. Rxf1 Qb5 19. Qf4 Qxb4 20. Bc3 Qa3 21.
Bxb7 Rxd3 22. Bb4 Qb2 23. Qe4 Bf5 24. Rxf5 gxf5 25. Qxd3 Qxb4 26. Bd5 Bxe5 27.
Qe3 Bg7 28. Kg2 Qd6 29. Nf4 Bh6 30. Bb3 Bxf4 31. gxf4 Qc6+ 32. Kf2 Qb6 33. Qxb6
axb6 34. Ke3 Re8+ 35. Kf3 Kg7 36. Bc2 Kf6 37. Bb3 Rc8 38. Kf2 Rc3 39. Kg2 b5
40. Kf2 h6 41. Kg2 Ke7 42. h4 f6 43. h5 Kd6 44. Kf2 Kc5 45. Ke2 Rxb3 0-1

[Event "Americana op"]
[Site "Americana"]
[Date "2009.09.07"]
[Round "5"]
[White "Vescovi, Giovanni P"]
[Black "Mekhitarian, Krikor Sevag"]
[Result "1-0"]
[WhiteElo "2636"]
[BlackElo "2496"]
[PlyCount "95"]
[EventDate "2009.09.05"]
[EventType "swiss"]
[EventRounds "6"]
[EventCountry "BRA"]
[SourceTitle "CBM 132 Extra"]
[Source "ChessBase"]
[SourceDate "2009.11.03"]
[SourceVersion "1"]
[SourceVersionDate "2009.11.03"]
[SourceQuality "1"]

1. d4 Nf6 2. c4 g6 3. Nc3 d5 4. cxd5 Nxd5 5. e4 Nxc3 6. bxc3 Bg7 7. Bc4 c5 8.
Ne2 Nc6 9. Be3 O-O 10. O-O Na5 11. Bd3 b6 12. Qd2 e5 13. dxe5 Be6 14. Rad1 Nc4
15. Qc1 Nxe5 16. Nf4 Qe8 17. Bb1 Bc4 18. Rfe1 Qc6 19. Nd5 Rfe8 20. Bg5 f6 21.
Bf4 Kf8 22. Bg3 Rad8 23. f4 Nf7 24. Ne3 Ba6 25. h4 Nd6 26. Rd5 Nc4 27. h5 Nxe3
28. Rxd8 Rxd8 29. Qxe3 Bb7 30. hxg6 hxg6 31. Qf2 f5 32. e5 Qe6 33. Qe2 Kf7 34.
Bc2 c4 35. Bf2 Bf8 36. Bd4 Be7 37. Qf2 Rh8 38. Bd1 Bh4 39. g3 Be7 40. Bf3 Bxf3
41. Qxf3 Rd8 42. Qb7 Rd7 43. Qa8 Bf8 44. Kf2 Bg7 45. a4 Rc7 46. Rh1 Qc8 47. e6+
Kg8 48. Qd5 1-0

[Event "Americana op"]
[Site "Americana"]
[Date "2009.09.07"]
[Round "6"]
[White "Mekhitarian, Krikor Sevag"]
[Black "Barbosa, Evandro Amorim"]
[Result "1/2-1/2"]
[WhiteElo "2496"]
[BlackElo "2293"]
[PlyCount "59"]
[EventDate "2009.09.05"]
[EventType "swiss"]
[EventRounds "6"]
[EventCountry "BRA"]
[SourceTitle "CBM 132 Extra"]
[Source "ChessBase"]
[SourceDate "2009.11.03"]
[SourceVersion "1"]
[SourceVersionDate "2009.11.03"]
[SourceQuality "1"]

1. e4 c5 2. Nf3 Nc6 3. d4 cxd4 4. Nxd4 Nf6 5. Nc3 e5 6. Ndb5 d6 7. Bg5 a6 8.
Na3 b5 9. Bxf6 gxf6 10. Nd5 Bg7 11. Bd3 Ne7 12. Nxe7 Qxe7 13. O-O O-O 14. c4 f5
15. Qh5 Rb8 16. exf5 e4 17. Rae1 Bb7 18. Qg4 Kh8 19. Bxe4 Rfe8 20. Re2 Bxe4 21.
Rfe1 Qf6 22. Rxe4 Rxe4 23. Qxe4 Qxb2 24. Qd3 Qc3 25. Qxc3 Bxc3 26. Rb1 b4 27.
Nc2 a5 28. Kf1 Rc8 29. a3 Rxc4 30. axb4 1/2-1/2

[Event "JAI op"]
[Site "Sao Caetano do Sul"]
[Date "2009.10.??"]
[Round "2"]
[White "Braga, Cicero Nogueira"]
[Black "Mekhitarian, Krikor Sevag"]
[Result "1/2-1/2"]
[WhiteElo "2416"]
[BlackElo "2515"]
[PlyCount "95"]
[EventDate "2009.10.??"]
[EventType "swiss"]
[EventRounds "5"]
[EventCountry "BRA"]
[SourceTitle "EXT 2011"]
[Source "ChessBase"]
[SourceDate "2010.11.26"]
[SourceVersion "1"]
[SourceVersionDate "2010.11.26"]
[SourceQuality "1"]

1. c4 c5 2. Nf3 Nc6 3. d4 cxd4 4. Nxd4 Nf6 5. Nc3 e6 6. Bf4 d6 7. Ndb5 e5 8.
Bg5 a6 9. Na3 Be7 10. e3 O-O 11. Be2 Be6 12. O-O Rb8 13. Rc1 Qa5 14. Bf3 e4 15.
Nxe4 Nxe4 16. Bxe7 Nxf2 17. Rxf2 Nxe7 18. Qxd6 Rfe8 19. Qd2 Qg5 20. Nc2 Bxc4
21. Nd4 Bd5 22. e4 Qxd2 23. Rxd2 Bc6 24. e5 Bxf3 25. Nxf3 Nc6 26. Rd7 h6 27.
Rc5 Kf8 28. Kf2 Re7 29. Rcd5 Ke8 30. Rxe7+ Nxe7 31. Rc5 Kd7 32. Ke3 Re8 33. Ke4
Nc6 34. Rd5+ Kc7 35. a3 f6 36. h4 g6 37. g4 g5 38. hxg5 hxg5 39. Rc5 b6 40. Rc1
Kb7 41. Kf5 fxe5 42. Nxg5 e4 43. Nxe4 Nd4+ 44. Kf4 Ne2+ 45. Kf3 Nd4+ 46. Kf4
Ne2+ 47. Kf3 Nd4+ 48. Kf4 1/2-1/2

[Event "JAI op"]
[Site "Sao Caetano do Sul"]
[Date "2009.10.??"]
[Round "3"]
[White "Mekhitarian, Krikor Sevag"]
[Black "Campelo, Leandro Fabricio"]
[Result "1-0"]
[WhiteElo "2515"]
[BlackElo "2220"]
[PlyCount "99"]
[EventDate "2009.10.??"]
[EventType "swiss"]
[EventRounds "5"]
[EventCountry "BRA"]
[SourceTitle "EXT 2011"]
[Source "ChessBase"]
[SourceDate "2010.11.26"]
[SourceVersion "1"]
[SourceVersionDate "2010.11.26"]
[SourceQuality "1"]

1. e4 e6 2. d4 d5 3. Nc3 Be7 4. Nf3 Nf6 5. Bd3 b6 6. O-O Bb7 7. e5 Nfd7 8. Ne2
Ba6 9. Bxa6 Nxa6 10. Re1 c5 11. c4 Nc7 12. Nf4 O-O 13. cxd5 Nxd5 14. Nxd5 exd5
15. dxc5 Nxc5 16. Nd4 Qd7 17. Qh5 g6 18. Qf3 Ne6 19. Be3 Bc5 20. Qd1 Rac8 21.
Qd2 Bxd4 22. Bxd4 Nxd4 23. Qxd4 Rc2 24. Rad1 Rfc8 25. h3 R8c4 26. Qxd5 Qxd5 27.
Rxd5 Rxb2 28. e6 fxe6 29. Rd7 Rcc2 30. Rxe6 Rxf2 31. Re8+ Rf8 32. Ree7 Rff2 33.
Kh1 Rxa2 34. Rg7+ Kf8 35. Rxh7 Kg8 36. Rdg7+ Kf8 37. Rxg6 Rf7 38. Rh8+ Ke7 39.
Rb8 Rf6 40. Rb7+ Ke6 41. Rgg7 Rf1+ 42. Kh2 Rff2 43. h4 Rf5 44. Rxa7 Rb2 45.
Rab7 b5 46. Kh3 b4 47. Rg4 b3 48. Rg3 Rb1 49. Rgxb3 Rh1+ 50. Kg4 1-0

[Event "JAI op"]
[Site "Sao Caetano do Sul"]
[Date "2009.10.??"]
[Round "4"]
[White "Aranha Filho, Alvaro Zimmermann"]
[Black "Mekhitarian, Krikor Sevag"]
[Result "0-1"]
[WhiteElo "2292"]
[BlackElo "2515"]
[PlyCount "86"]
[EventDate "2009.10.??"]
[EventType "swiss"]
[EventRounds "5"]
[EventCountry "BRA"]
[SourceTitle "EXT 2011"]
[Source "ChessBase"]
[SourceDate "2010.11.26"]
[SourceVersion "1"]
[SourceVersionDate "2010.11.26"]
[SourceQuality "1"]

1. d4 Nf6 2. Nf3 g6 3. Bg5 Bg7 4. Nbd2 O-O 5. e3 c5 6. c3 b6 7. Be2 Bb7 8. O-O
d6 9. b4 Nbd7 10. Qb3 Qc7 11. Rfd1 Rac8 12. a4 a6 13. h3 Rfe8 14. bxc5 bxc5 15.
Bc4 d5 16. Be2 c4 17. Qc2 Qa5 18. Bf4 e6 19. Ne5 Nxe5 20. Bxe5 Nd7 21. Bxg7
Kxg7 22. Rdb1 Bc6 23. Rb4 Qc7 24. a5 Bb5 25. Rbb1 Nb8 26. f4 Nc6 27. Qa2 f6 28.
Rf1 e5 29. fxe5 fxe5 30. Nf3 e4 31. Nh2 Rf8 32. Bg4 Rcd8 33. Rxf8 Rxf8 34. Nf1
Ne7 35. Qa3 h5 36. Bd1 Nf5 37. Ba4 Bxa4 38. Qxa4 Rb8 39. Qa2 Rb3 40. Qf2 h4 41.
Qc2 Qb8 42. Ra2 Rb1 43. Qd2 Ng3 0-1

[Event "JAI op"]
[Site "Sao Caetano do Sul"]
[Date "2009.10.??"]
[Round "5"]
[White "Mekhitarian, Krikor Sevag"]
[Black "Galego, Luis"]
[Result "1/2-1/2"]
[WhiteElo "2515"]
[BlackElo "2494"]
[PlyCount "103"]
[EventDate "2009.10.??"]
[EventType "swiss"]
[EventRounds "5"]
[EventCountry "BRA"]
[SourceTitle "EXT 2011"]
[Source "ChessBase"]
[SourceDate "2010.11.26"]
[SourceVersion "1"]
[SourceVersionDate "2010.11.26"]
[SourceQuality "1"]

1. e4 d6 2. d4 Nf6 3. Nc3 c6 4. f4 g6 5. Nf3 Bg7 6. e5 dxe5 7. fxe5 Nd5 8. Nxd5
cxd5 9. Bd3 Nc6 10. c3 O-O 11. O-O f6 12. exf6 exf6 13. Bf4 Be6 14. Qd2 Qd7 15.
Rae1 Rae8 16. Bh6 a6 17. Re2 Ne7 18. Bxg7 Kxg7 19. Rfe1 Bf7 20. h4 h5 21. Qf4
Ng8 22. Nh2 Rxe2 23. Rxe2 Re8 24. Nf1 Rxe2 25. Bxe2 Ne7 26. Ne3 Qe6 27. Bd3 Qb6
28. Qf2 Be6 29. g3 Qd6 30. Kg2 Qb6 31. Kh2 Qd6 32. Qe2 Kf7 33. Kg2 Qb6 34. Qd2
Qd6 35. Qe2 Qb6 36. Qc2 Qd6 37. Qd2 Qb6 38. b3 Qa5 39. Qc2 Qb6 40. Kh2 Qd6 41.
Qd2 Kg7 42. Qe2 Kf7 43. Qf2 b5 44. Qd2 Kg7 45. Kg2 Kf7 46. Kh2 Kg7 47. Qb2 Bd7
48. Qe2 Be6 49. Qf2 Qc6 50. Qd2 Qd6 51. Kg2 Kf7 52. Kf2 1/2-1/2

[Event "Paulista-ch final"]
[Site "Itapetininga"]
[Date "2009.10.02"]
[Round "1"]
[White "Mekhitarian, Krikor Sevag"]
[Black "Nunes, Allan Hurba"]
[Result "1-0"]
[WhiteElo "2496"]
[BlackElo "2023"]
[PlyCount "37"]
[EventDate "2009.10.02"]
[EventType "swiss"]
[EventRounds "6"]
[EventCountry "BRA"]
[SourceTitle "CBM 132 Extra"]
[Source "ChessBase"]
[SourceDate "2009.11.03"]
[SourceVersion "1"]
[SourceVersionDate "2009.11.03"]
[SourceQuality "1"]

1. d4 f5 2. g3 Nf6 3. Bg2 g6 4. Nh3 Bg7 5. Nf4 O-O 6. h4 Qe8 7. h5 Nc6 8. hxg6
hxg6 9. Nc3 a6 10. Ncd5 Nxd5 11. Nxd5 Qd8 12. Bg5 d6 13. c3 Qd7 14. Nf4 Qe8 15.
Qb3+ e6 16. d5 Na5 17. Qb4 b6 18. Nxe6 Bxe6 19. dxe6 1-0